Hỏi-đáp môn kinh tế chính trị Mác-Lênin

שמור ב:
מידע ביבליוגרפי
מחבר ראשי: An, Như Hải
פורמט: ספר
שפה:Undetermined
יצא לאור: Hà Nội Đại học quốc gia Hà Nội 2005
נושאים:
תגים: הוספת תג
אין תגיות, היה/י הראשונ/ה לתייג את הרשומה!
Thư viện lưu trữ: Trung tâm Học liệu Trường Đại học Cần Thơ
LEADER 00567nam a2200193Ia 4500
001 CTU_74297
008 210402s9999 xx 000 0 und d
020 |b 13000 
082 |a 335.412 
082 |b H103 
100 |a An, Như Hải 
245 0 |a Hỏi-đáp môn kinh tế chính trị Mác-Lênin 
245 3 |c An Như Hải 
260 |a Hà Nội 
260 |b Đại học quốc gia Hà Nội 
260 |c 2005 
650 |a Economic policy,Marxism 
904 |i Tuyến, Qhieu 
980 |a Trung tâm Học liệu Trường Đại học Cần Thơ